Elisa y Claudio : (Registro nro. 167063)

Detalles MARC
000 -LEADER
campo de control de longitud fija 00724nam a2200181 i 4500
001 - NÚMERO DE CONTROL
campo de control 167063
003 - IDENTIFICADOR DE NÚMERO DE CONTROL
campo de control ES-MaACL
005 - FECHA Y HORA DE LA ÚLTIMA TRANSACCIÓN
campo de control 20230906213443.0
008 - DATOS DE LONGITUD FIJA--INFORMACIÓN GENERAL
campo de control de longitud fija 150409s1826 sp |||| | spa d
100 1# - ENTRADA PRINCIPAL--NOMBRE DE PERSONA
Nombre de persona Romanelli, Luigi.
9 (RLIN) 156675
245 10 - MENCIÓN DEL TÍTULO
Título Elisa y Claudio :
Resto del título o sea El amor protegido por la amistad : opera semi-seria en dos actos, que se ha de representar en el teatro de la Cruz de esta Corte.
260 ## - PUBLICACIÓN, DISTRIBUCIÓN, ETC.
Lugar de publicación, distribución, etc. Madrid :
Nombre del editor, distribuidor, etc. [s.n.],
Fecha de publicación, distribución, etc. 1826 (
Fabricante Imp. de Sancha)
300 ## - DESCRIPCIÓN FÍSICA
Extensión 99 p. ;
Dimensiones 15 cm.
500 ## - NOTA GENERAL
Nota general Sólo la letra.
546 ## - NOTA DE IDIOMA
Nota de lengua/lenguaje Texto en italiano y español.
594 ## - Nota al título y mención de responsabilidad
Nota al título y mención de responsabilidad Encabezamiento tomado de Carmena: crónica de la ópera italiana.
852 4# - LOCALIZACIÓN
Ubicación ES-MaACL
Número de control de estantería T-737-F-1
Nota libre - Firma manuscrita de Pedro de Longa
Existencias
Estatus retirado Estado de pérdida Estado de daño No para préstamo Colección Biblioteca de origen Biblioteca actual Ubicación en estantería Fecha de adquisición Fuente de adquisición Total de préstamos Signatura topográfica completa Código de barras Visto por última vez Precio de reemplazo Tipo de ítem Koha
        Colección de folletos Biblioteca del Ateneo de Madrid Biblioteca del Ateneo de Madrid Depósito folletos 09/04/2015     T-737-F-1 1193707 23/02/2023 23/02/2023 Folleto